Value at risk : a conceptual framework (Record no. 187122)
[ view plain ]
| 000 -LEADER | |
|---|---|
| fixed length control field | 00395nam a2200145Ia 4500 |
| 005 - DATE AND TIME OF LATEST TRANSACTION | |
| control field | 20250326122214.0 |
| 008 - FIXED-LENGTH DATA ELEMENTS--GENERAL INFORMATION | |
| fixed length control field | 231217s9999 xx 000 0 und d |
| 020 ## - INTERNATIONAL STANDARD BOOK NUMBER | |
| International Standard Book Number | 9788178815770 |
| 082 ## - DEWEY DECIMAL CLASSIFICATION NUMBER | |
| Classification number | 338.521 SAT;1 R |
| 100 ## - MAIN ENTRY--PERSONAL NAME | |
| Personal name | Satish, D. ed. |
| 245 #0 - TITLE STATEMENT | |
| Title | Value at risk : a conceptual framework |
| 260 ## - PUBLICATION, DISTRIBUTION, ETC. (IMPRINT) | |
| Date of publication, distribution, etc. | 2005 |
| Name of publisher, distributor, etc. | ICFAI |
| Place of publication, distribution, etc. | Hyderabad |
| 650 ## - SUBJECT ADDED ENTRY--TOPICAL TERM | |
| Topical term or geographic name as entry element | Value,risk,conceptual,framework |
| 942 ## - ADDED ENTRY ELEMENTS (KOHA) | |
| Koha item type | Books |
| Date last seen | Total Checkouts | Full call number | Accession number | Old discount | Cost, replacement price | Price effective from | Category | Lost status | Damaged status | Department | Withdrawn status | bill no. | bill date | Permanent Location | Current Location | Entry date | Cost, normal purchase price | Grants | Currency symbol | Conversion rate | Discount | Discount type | Shelving location |
|---|---|---|---|---|---|---|---|---|---|---|---|---|---|---|---|---|---|---|---|---|---|---|---|
| 26/01/2024 | 338.521 SAT;1 R | 63796 | 38.00 | 26/01/2024 | Books | 1993 | 25/02/2014 | Central Library | Central Library | 22/07/2010 | 38.00 | MBA | RS | 1 | Rupees | ||||||||
| 26/01/2024 | 338.521 SAT;2 R1 | 63797 | 38.00 | 26/01/2024 | Books | F-Block Annex | 1993 | 25/02/2014 | Central Library | Central Library | 22/07/2010 | 38.00 | MBA | RS | 1 | Rupees | F-Block Library Annex |
